| 000 | 01810cam a22003974a 4500 | ||
|---|---|---|---|
| 999 |
_c18500 _d18500 |
||
| 001 | 16126136 | ||
| 005 | 20161221141723.0 | ||
| 008 | 161221b xxu||||| |||| 00| 0 eng d | ||
| 010 | _a 2010924360 | ||
| 020 | _a9781111342104 | ||
| 020 | _a1111342105 | ||
| 050 | 0 | 0 | _aLC4019.2 .A42 2012 |
| 100 | 1 |
_aAllen, K. Eileen, _d1918- |
|
| 245 | 1 | 4 |
_aThe exceptional child : _binclusion in early childhood education / _cK. Eileen Allen, Glynnis E. Cowdery ; with the assistance of Jennifer M. Johnson. |
| 250 | _a7th ed. | ||
| 260 |
_aBelmont, CA : _bWadsworth Cengage Learning, _c2012. |
||
| 300 |
_axviii, 630 p. : _bill. ; _c26 cm. |
||
| 504 | _aIncludes bibliographical references (p. 586-606) and index. | ||
| 650 | 0 |
_aChildren with disabilities _xEducation (Preschool) _zUnited States. |
|
| 650 | 0 |
_aEarly childhood education _zUnited States. |
|
| 650 | 0 |
_aMainstreaming in education _zUnited States. |
|
| 650 | 0 |
_aChildren with disabilities _xDevelopment _zUnited States. |
|
| 650 | 0 |
_aSpecial education _zUnited States. |
|
| 650 | 0 |
_aInclusive education _zUnited States. |
|
| 700 | 1 | _aCowdery, Glynnis Edwards. | |
| 700 | 1 |
_aJohnson, Jennifer M., _d1970- |
|
| 856 | 4 | 2 |
_3Publisher description _uhttp://www.loc.gov/catdir/enhancements/fy1212/2010924360-d.html |
| 856 | 4 | 1 |
_3Table of contents only _uhttp://www.loc.gov/catdir/enhancements/fy1212/2010924360-t.html |
| 856 | 4 | 2 |
_3Contributor biographical information _uhttp://www.loc.gov/catdir/enhancements/fy1303/2010924360-b.html |
| 942 |
_2lcc _cBOOKS _hLC4019.2 .A42 2012 |
||